come out and play - Billie Eilish - Statistics

General Stats
  • This quiz has been taken 82 times
  • The average score is 160 of 178
Answer Stats
Hint Answer % Correct
a
100%
and
100%
Chorus And
100%
'em
100%
I
100%
the
100%
up
100%
you
100%
Pre-Chorus You
100%
your
100%
but
98%
coffee
98%
it
98%
quiet
98%
Verse 1 Wake
98%
cup
96%
empty
96%
full
96%
half
96%
is
96%
or
96%
out
96%
smell
96%
to
96%
when
96%
come
94%
love
94%
play
94%
say
94%
don't
92%
know
92%
of
92%
in
90%
it's
90%
make
90%
makes
90%
nervous
90%
promise
90%
hide
88%
keep
88%
show
88%
softly
88%
worth
88%
you're
88%
away
86%
awfully
86%
could
86%
have
86%
inside
86%
kept
86%
piece
86%
see
86%
wind
86%
everything
84%
paper
84%
stay
84%
window
84%
be
82%
hope
82%
little
82%
me
82%
talk
82%
greater
80%
her
80%
too
80%
try
80%
until
78%
you'll
78%
never
76%
we
76%
let
75%
shy
75%
what
75%
Verse 2 Look
71%
silence
71%
snow
71%
though
67%
won't
67%
Chorus Yeah
67%
'cause
63%
blow
59%
here
55%
leave
53%
feel
51%
home
51%
colder
47%
No matching quizzes found
Score Distribution
Percent of People with Each Score
Percentile by Number Answered
Your Score History
You have not taken this quiz